Copa América - ¿Argentina o Colombia? Ciudades - Estadísticas

Estadísticas generales
  • Esta prueba ha sido intentada 168 veces
  • La puntuación promedio es 15 de 20
Estadísticas de respuestas
Pregunta Azulejo Select % Correcto
en qué país queda Buenos Aires Argentina
97%
en qué país queda Cali Argentina No
96%
en qué país queda Riohacha Argentina No
96%
en qué país queda Resistencia Argentina
96%
en qué país queda Cali Colombia
96%
en qué país queda Riohacha Colombia
96%
en qué país queda Cartagena Colombia
96%
en qué país queda Cartagena Argentina No
95%
en qué país queda Resistencia Colombia No
95%
en qué país queda Salta Argentina
93%
en qué país queda Salta Colombia No
92%
en qué país queda Córdoba Argentina
80%
en qué país queda Catamarca Argentina
74%
en qué país queda Catamarca Colombia No
74%
en qué país queda Venecia Colombia
65%
en qué país queda Venecia Argentina No
64%
en qué país queda Londres Argentina
51%
en qué país queda Londres Colombia No
47%
en qué país queda Córdoba Colombia
33%
en qué país queda Buenos Aires Colombia
4%
No se encontraron pruebas coincidentes
Distribución de puntuación
Porcentaje de gente con cada puntuación
Porcentaje por número respondido
Historial de tus puntuaciones
No has intentado esta prueba.